000 00369nam a2200133Ia 4500
005 20260326100029.0
008 260326s9999||||xx |||||||||||||| ||und||
100 _aJackson, Neil
245 0 _aCalifornia Modern :
_b The Architecture of Craig Ellwood /
_cNeil Jackson
260 _bPrinceton Architectural Press
300 _a208 p.
650 _aARQUITECTOS
942 _cBK
999 _c6532
_d6532